Literary Couples Quiz Stats

 Plays Quiz Updated Sep 24, 2012

Score 0/27 Timer 09:00
1 Play Today
One Half of Couple Other Half % Correct
CleopatraJulius Caesar or Marc Antony
83.2%
Queen GuinevereKing Arthur or Sir Lancelot
77.5%
TristanIseult
72.5%
OdysseusPenelope
51.4%
TroilusCressida
42.9%
JacobRachel
40.4%
BeatriceDante
36.5%
MedeaJason
31.8%
EurydiceOrpheus
31.3%
ThisbePyramus
30.7%
AeneasDido, Lavinia, or Creusa
25.8%
PatroclusAchilles
24%
AbelardHeloise
22.7%
King ShahryarQueen Scheherazade
16.8%
One Half of Couple Other Half % Correct
PetrarchLaura
12.1%
HectorAndromache
11.9%
Empress TheodoraEmperor Justinian I
10.5%
BrynhildrSigurd
9.1%
XanthippeSocrates
8.7%
CatullusLesbia
8.7%
King Edward I LongshanksQueen Eleanor of Castile
7.5%
JimenaEl Cid
4.2%
Melanion (or Hippomenes)Atalanta
3.8%
EmerCú Chulainn
2.8%
Sir GawainDame Ragnelle
2.4%
EnidGeraint
1.9%
CynthiaPropertius
1.4%

You're not logged in!

Compare scores with friends on all Sporcle quizzes.
OR
Log In

Sporcle TV

Today on Sporcle TV


Watch our educational content, quiz creation guides, and fun videos on Sporcle TV.

Show Comments

Extras

Top Quizzes Today


Score Distribution

Your Account Isn't Verified!

In order to create a playlist on Sporcle, you need to verify the email address you used during registration. Go to your Sporcle Settings to finish the process.

Report this User

Report this user for behavior that violates our Community Guidelines.

Details: